00602nam a2200217Ia 4500001000700000003000500007008004100012010001100053040000900064082001400073100003700087245007700124260003200201300002500233440000500258500000500263503001100268650005100279650003200330650002200362Z_1032CHAP220113s1988 xx 000 0 und d a164112 cCHAP a637.11 V3 aVanden Berg, J C F aDairy technology in the tropics and subtropics /cby J.C.T. Vanden Berg aWageningen :bPUDOC,c1988 axiii+290 p. : bilus a a a153550 aGanaderíaxInnovaciones tecnológicas I. t. aGanado lecheroxTrópicos  aGranjas lecheras